IT szolgáltatások kis és középvállalatok számára

Bibliográfiai részletek
Szerző: Hegedős Ádám
További közreműködők: Bendes László
Varsányi Balázs
Dokumentumtípus: Diplomadolgozat
Kulcsszavak:IT
szolgáltatások
vállalatok
Online Access:http://dolgozattar.uni-bge.hu/21053

MARC

LEADER 00000nta a2200000 i 4500
001 dolg21053
005 20190513140359.0
008 190513suuuu hu om 000 hun d
040 |a BGE Dolgozattár Repozitórium  |b hun 
041 |a hu 
100 1 |a Hegedős Ádám 
245 1 0 |a IT szolgáltatások kis és középvállalatok számára  |c Hegedős Ádám  |h [elektronikus dokumentum] 
246 1 1 |a IT szolgáltatások kis és középvállalatok számára 
695 |a IT 
695 |a szolgáltatások 
695 |a vállalatok 
700 1 |a Bendes László  |e ths 
700 1 |a Varsányi Balázs  |e ths 
856 4 0 |u http://dolgozattar.uni-bge.hu/21053/1/Hegedos_Adam_Szakdolgozat2019.pdf  |z Dokumentum-elérés